00940nam a2200217 i 4500001000700000003000900007005001700016008004100033040002000074100003000094245021300124260009500337300002900432490003600461490004100497700002200538700002100560830003600581830004100617852006400658164137ES-MaACL20250927063039.0050727s1885 sp a |||| |dspa d aCAM bspa cCAM1 aRuiz, Antonio, d-ca.180013aLa corte de Keobbá b: descripción de un viaje á los paises desconocidos del interior del Africa, imitación de Julio Verne / cpor Antonio Ruiz ; dibujante, Emilio Estrella ; grabador, Eugenio Alós. aBarcelona : bSociedad Editorial, c1885 (fTipografía de la Casa Provincial de Caridad) a64 p. : bil. ; c29 cm.1 aLa ciencia en el desierto ; v21 aBiblioteca ilustrada de Marti y Roig1 aEstrella, Emilio.1 aAlós, Eugenio.0 aLa ciencia en el desierto ; v20 aBiblioteca ilustrada de Marti y Roig aES-MaACLjFol-Laf-65 z- Rust. z. - Legado M. de la Fuente